00526nam a2200157 a 450000100100000000500170001000800410002702000150006804000250008310000300010824501140013825000120025226000500026430000280031450000260034200002173420200930011429.0091207s1999 pr a 000 0 spa d a1563280019 aDO-SdBNPbspacBNPHU1 aOnieva Morales, Juan Luis10aIntercomunicación 1 :bcurso básico para el aprendizaje activo del español /cJuan Luis Onieva Morales. a16a ed. aSan Juan, Puerto Rico :bPlaza Playor,c1999. a259 p. :bil. ;c27 cm. aEdición definitiva.